[Event "Ostende3 Challenger"]
[Site "Ostende"]
[Date "2002.03.26"]
[Round "9"]
[White "Tabak, Francisco"]
[Black "Pierrot, Juan Facundo"]
[Result "0-1"]
[WhiteElo "2120"]
[BlackElo "2430"]
[PlyCount "38"]
[EventDate "2002.03.21"]
[EventType "tourn"]
[EventRounds "9"]
[EventCountry "ARG"]
[EventCategory "3"]
[SourceTitle "CBM 087 Extra"]
[Source "ChessBase"]
[SourceDate "2002.05.03"]
[SourceVersion "2"]
[SourceVersionDate "2002.08.09"]
[SourceQuality "1"]

1. d4 Nf6 2. c4 g6 3. Nc3 d5 4. cxd5 Nxd5 5. e4 Nxc3 6. bxc3 Bg7 7. Bc4 c5 8. Ne2 0-0 9. 0-0 Nc6 10. Be3 Bg4 11. f3 Na5 12. Bxf7+ Rxf7 13. fxg4 Rxf1+ 14. Kxf1 Qd7 15. h3 Nc4 16. Qb3 b5 17. Bf2 cxd4 18. cxd4 Rf8 19. Kg1 Rxf2 0-1

[Event "Ostende3 Challenger"]
[Site "Ostende"]
[Date "2002.03.25"]
[Round "8"]
[White "Giardelli, Sergio Carlos"]
[Black "Tabak, Francisco"]
[Result "1-0"]
[WhiteElo "2428"]
[BlackElo "2120"]
[PlyCount "75"]
[EventDate "2002.03.21"]
[EventType "tourn"]
[EventRounds "9"]
[EventCountry "ARG"]
[EventCategory "3"]
[SourceTitle "CBM 087 Extra"]
[Source "ChessBase"]
[SourceDate "2002.05.03"]
[SourceVersion "2"]
[SourceVersionDate "2002.08.09"]
[SourceQuality "1"]

1. c4 c5 2. g3 g6 3. Bg2 Bg7 4. Nc3 Nf6 5. a3 Na6 6. e4 d6 7. Nge2 Rb8 8. 0-0 0-0 9. h3 Nc7 10. d4 cxd4 11. Nxd4 Ne6 12. Nc2 Bd7 13. Be3 b6 14. Rc1 Rc8 15. Qe2 Re8 16. b3 Bc6 17. Nb4 Ba8 18. Rfd1 Qc7 19. Nbd5 Qb8 20. b4 Nd7 21. f4 Nc7 22. Bf2 Nxd5 23. exd5 e5 24. dxe6 Bxg2 25. Kxg2 Rxe6 26. Qd3 Nf6 27. Nd5 Qb7 28. Qf3 Nxd5 29. cxd5 Ree8 30. Rc6 Rxc6 31. dxc6 Qc7 32. b5 Rd8 33. a4 Bf6 34. Qd5 Be7 35. Rd3 Bf8 36. g4 Re8 37. f5 Re2 38. Kf3 1-0

[Event "Ostende3 Challenger"]
[Site "Ostende"]
[Date "2002.03.24"]
[Round "6"]
[White "Rodriguez, Jorge Luis"]
[Black "Tabak, Francisco"]
[Result "1-0"]
[WhiteElo "2403"]
[BlackElo "2120"]
[PlyCount "103"]
[EventDate "2002.03.21"]
[EventType "tourn"]
[EventRounds "9"]
[EventCountry "ARG"]
[EventCategory "3"]
[SourceTitle "CBM 087 Extra"]
[Source "ChessBase"]
[SourceDate "2002.05.03"]
[SourceVersion "2"]
[SourceVersionDate "2002.08.09"]
[SourceQuality "1"]

1. d4 d5 2. c4 dxc4 3. Nf3 a6 4. e3 b5 5. a4 Bb7 6. b3 Nf6 7. axb5 axb5 8. Rxa8 Bxa8 9. bxc4 bxc4 10. Bxc4 e6 11. 0-0 Be7 12. Qa4+ Nbd7 13. Ne5 0-0 14. Nc6 Nb6 15. Nxe7+ Qxe7 16. Ba3 Qd8 17. Qb5 Re8 18. Be2 Qd7 19. Rc1 Qxb5 20. Bxb5 c6 21. Bxc6 Rc8 22. Bb5 Rxc1+ 23. Bxc1 Ne4 24. f3 Nd6 25. Bd3 f6 26. Kf2 Kf7 27. Ba3 Ndc8 28. Nc3 h6 29. Ne4 Bd5 30. Bc5 Bc6 31. Ba6 Bd7 32. Nc3 Na8 33. e4 Nc7 34. Bc4 Ne7 35. Ke3 Nc8 36. Kd2 Ne8 37. Nb5 Ne7 38. Nd6+ Nxd6 39. Bxd6 Ba4 40. Kc3 Bd7 41. Ba3 Nc6 42. Ba2 Ke8 43. Bc5 Nd8 44. Bc4 Nc6 45. f4 g5 46. g3 Ne7 47. fxg5 fxg5 48. Ba3 Bc6 49. Kd3 Kf7 50. Ke3 Bd7 51. Be2 Kg6 52. Bxe7 1-0

[Event "Ostende3 Challenger"]
[Site "Ostende"]
[Date "2002.03.23"]
[Round "5"]
[White "Giaccio, Alfredo Gustavo"]
[Black "Tabak, Francisco"]
[Result "1-0"]
[WhiteElo "2517"]
[BlackElo "2120"]
[PlyCount "77"]
[EventDate "2002.03.21"]
[EventType "tourn"]
[EventRounds "9"]
[EventCountry "ARG"]
[EventCategory "3"]
[SourceTitle "CBM 087 Extra"]
[Source "ChessBase"]
[SourceDate "2002.05.03"]
[SourceVersion "2"]
[SourceVersionDate "2002.08.09"]
[SourceQuality "1"]

1. e4 Nf6 2. e5 Nd5 3. d4 d6 4. c4 Nb6 5. exd6 exd6 6. Nc3 Nc6 7. d5 Ne5 8. f4 Ng6 9. Bd3 Nh4 10. g3 Nf5 11. Nf3 g6 12. 0-0 Be7 13. a4 a5 14. Bd2 0-0 15. g4 Nh4 16. Nxh4 Bxh4 17. f5 Bg5 18. Ne4 Bxd2 19. Qxd2 Qh4 20. Rf4 g5 21. Nf6+ Kh8 22. Re4 Nd7 23. Qc3 Ne5 24. Rxe5 dxe5 25. Qxe5 Qh6 26. c5 Kg7 27. Ne8+ Kg8 28. Nxc7 f6 29. Qg3 Ra7 30. Bb5 Rd8 31. d6 Qh4 32. Qxh4 gxh4 33. Nd5 Kg7 34. Nb6 Ra6 35. Bxa6 bxa6 36. Nxc8 Rxc8 37. d7 Ra8 38. c6 Kf7 39. c7 1-0